| 000 | 00369 a2200109 4500 | ||
|---|---|---|---|
| 001 | ART_43308 | ||
| 005 | 20260410161708.0 | ||
| 008 | 260409a | ||
| 245 | 1 | 0 | _aLa exteriorización de bienes inmuebles y las implicancias futuras en la tributación local |
| 100 | 1 | _aMastandrea, Alberto F. | |
| 773 | 0 |
_tRevista Impuestos _g- Nº 4 (abr. 2017) _wREV639 |
|
| 999 |
_c15856 _d15856 |
||